000 00732nam a22002657a 4500
005 20231024144822.0
008 150618b2010 xxu||||| |||| 00| 0 spa d
020 _a9789968317955
041 _aESP
082 _a330.972 86 N218i
100 _aNaranjo Chacón, Gustavo
_911173
245 _aInstituciones político-económicas de Costa Rica
260 _c2010
_aCosta Rica
_bUNED
300 _a320 páginas
650 _aCOSTA RICA
650 _aECONOMÍA
650 _aPOLÍTICA
650 _aESTADO
650 _aPODERES DEL ESTADO
650 _aRÉGIMEN MUNICIPAL
650 _aPODER EJECUTIVO
650 _aPODER JUDICIAL
650 _aPODER LEGISLATIVO
942 _cBK
_2ddc
999 _c8184
_d8184